000 00627nam a2200205Ia 4500
003 GCL
008 140319s9999 xx 000 0 ara d
040 _aGCL /
_cGCL
082 0 4 _a910.02
_bم ج
100 1 _aمحمد صفى الدين
245 1 0 _aجبومورفولوجبة قشرة الارض /
_cمحمد صفى الدين
260 _a[S.N] :
_bدار النهضة العربية
300 _a384 ص
490 _a
650 0 4 _aالجغرافيا الطبيعية
650 0 4 _aالغلاف الجوى
650 0 4 _aالجيومورفولوجيا
650 0 4 _aالقشرة الارضية
942 _2ddc
_cBK
999 _c37272
_d37272